| 000 | 00427nam a2200181Ia 4500 | ||
|---|---|---|---|
| 003 | 0100 | ||
| 008 | 130303s9999 xx 000 0 und d | ||
| 040 | _cARRUPELIB | ||
| 050 | _aBL1451.C6 1964 | ||
| 100 | _aCoomaraswamy, Ananda K | ||
| 245 | _aBuddha and the gospel of buddhism | ||
| 260 | _aNew York | ||
| 260 | _bHarper Row Inc | ||
| 260 | _C1964 | ||
| 300 | _a369p | ||
| 650 | _bLife of Saint Severin | ||
| 942 | 0 | 0 | _01 |
| 999 |
_c40771 _d40771 |
||